LEADER 01395nam a2200217 i 4500 001 000000071085 003 CaOOAMICUS 005 20021106000000.0 008 021106s1564 it u000 u lat u 013 $a42257 040 $aSeMil$bita 110 2 $aConcilio di Trento <1545-1563>.$0(OLS)http://semarc/name/396 245 10$aCanones, et decreta Sacrosancti Oecumenici et generalis Concilii Tridentini sub Paulo III, Iulio III et Pio IIII, Pontificibus Max. :$bIndex Dogmatum et Reformationis. 260 $aVenetiis :$bAldus [Manutius],$c1564. 300 $a15 x 10 ;$c184 + [24] c. ;$ccaratteri romani. 500 $aCopertina quasi staccata ; alcune scritte a penna sul frontespizio. - Descrizione da : Incunaboli e Cinquecentine della Biblioteca del Seminario di Milano / catalogo a cura di Ubaldo Valentini, Appendice V, (pubblicata in La Scuola Cattolica n. 131, Anno 2003, pp. 351-375). - Numero di catalogo : 1777. 650 4$aCinquecentine.$0(OLS)http://semarc/subject/1297 850 $aSeMil 852 $aSeMil$W1$xVenegono$y1$mFV.B II 71 ^$j37238$B37238$CSeMilBibl$Z2$F37241 $86 996 $6245$aCanones, et decreta Sacrosancti Oecumenici et generalis Concilii Tridentini sub Paulo III, Iulio III et Pio IIII, Pontificibus Max. :$bIndex Dogmatum et Reformationis$9(OLS)http://semarc/title/114264 996 $6260$aVenetiis :$bAldus [Manutius]$9(OLS)http://semarc/publisher/42931 LEADER 01389nam a2200229 i 4500 001 000000210141 003 CaOOAMICUS 005 20120116000000.0 008 120116s2003 it u000 u mul u 013 $a188949 040 $aSeMil$bita 240 10$aConspectus biographicus ; Informatio ; Decretum super validitate Inquisitionis Diocesanae ; Tabella Index-Testium ; Factispecies chronologica ; Summarium ; Iudicium Medicum Legale Prof. N. Pasetto ; Iudicium Medicum Legale ...$0(OLS)http://semarc/title/303814 245 10$aMediolanen. Canonizationis beate Ioannae Beretta Molla Christifidelis laicae et matrifamilias, 1922-1962 :$bPositio super miraculo. 260 $aRoma :$bTipografia Guerra,$c2003. 300 $a1 v., [1] c. di ritr. :$bpaginazione varia ;$c31 cm. 500 $aIn testa al front. : Congregatio de Causis Sanctorum P.N. 1198. 650 4$aBeretta Molla, Gianna - Beatificazione e Canonizzazione.$0(OLS)http://semarc/subject/12506 850 $aSeMil 852 $aSeMil$W1$xVenegono$y1$m6W III 40$j160591$B160591$CSeMilBibl$Z2$F171808 $8I 961 $aOmaggio: Apeciti mons. Ennio 996 $6245$aMediolanen. Canonizationis beate Ioannae Beretta Molla Christifidelis laicae et matrifamilias, 1922-1962 :$bPositio super miraculo$9(OLS)http://semarc/title/303813 996 $6260$aRoma :$bTipografia Guerra$9(OLS)http://semarc/publisher/32779